|
|
|
|
| LEADER |
00000nam0a2200000 4500 |
| 001 |
75444 |
| 005 |
20240724131625.0 |
| 035 |
|
|
|a (RuTPU)RU\TPU\book\80431
|
| 090 |
|
|
|a 75444
|
| 100 |
|
|
|a 20050324d2004 m y0rusy50 ca
|
| 101 |
0 |
|
|a rus
|
| 102 |
|
|
|a RU
|
| 105 |
|
|
|a a z 000zy
|
| 200 |
1 |
|
|a Легенды и мифы старого Томска
|h Кн. 1
|e книга-альбом
|f ред. кол.: Н. П. Кириллов [и др.] ; сост. С. В. Хорев
|
| 210 |
|
|
|a Томск
|c Панорама
|d 2004
|
| 215 |
|
|
|a 248 с.
|c ил.
|
| 225 |
1 |
|
|a Томск исторический
|
| 318 |
|
|
|5 63413507
|a Любя Отчизну, честно мы служили ей!
|
| 330 |
|
|
|a "Легенды и мифы старого Томска" - книга необычная. Она не претендует на историческую достоверность, является, по существу, первым опытом обобщения фольклорного материала из культурного наследия города. Мифы и легенды всегда творения народа. Они сами по себе опираются на историю, но в них может быть легендарное, иногда и домысленное, иногда сказочное, а иногда и фантастическое. Книга о прошлом, что не могло сохраниться в документах, отражается в устном народном творчестве. Но зато старинные картины, гравюры, репродукции, исторические и современные фотографии — это документы о прошлом, настоящем и, если хотите, будущем нашего дорогого, всеми любимого города. Именно с таким обликом, с такими мифами и легендами город вступил в третье тысячелетие. Ему жить в грядущем с 400-летним опытом.
|
| 610 |
1 |
|
|a история
|
| 610 |
1 |
|
|a Сибирь
|
| 610 |
1 |
|
|a Томск
|
| 610 |
1 |
|
|a 17 век
|
| 610 |
1 |
|
|a 18 век
|
| 610 |
1 |
|
|a 19 век
|
| 610 |
1 |
|
|a 20 век
|
| 610 |
1 |
|
|a труды учёных ТПУ
|
| 610 |
1 |
|
|a дарственная надпись
|
| 686 |
|
|
|a Т3(253.3-4Том)
|2 rubbk
|
| 686 |
|
|
|a Ч611.68
|2 rubbk
|
| 702 |
|
1 |
|a Кириллов
|b Н. П.
|c российский философ
|c доктор философских наук, профессор Томского политехнического университета
|c член-корреспондент Сибирского отделения Академии наук высшей школы
|c академик Академии проблем качества РФ
|f 1939-
|g Николай Петрович
|3 (RuTPU)RU\TPU\pers\21962
|4 570
|9 9281
|
| 702 |
|
1 |
|a Закотнов
|b Н. П.
|4 695
|
| 702 |
|
1 |
|a Скворцов
|b Г. В.
|4 220
|
| 702 |
|
1 |
|a Хорев
|b С. В.
|4 220
|
| 702 |
|
1 |
|a Казачков
|b А. Б.
|4 570
|
| 702 |
|
1 |
|a Швецов
|b С. Г.
|4 130
|
| 801 |
|
1 |
|a RU
|b 63413507
|c 20050324
|g PSBO
|
| 801 |
|
2 |
|a RU
|b 63413507
|c 20120601
|g PSBO
|
| 942 |
|
|
|c BK
|